| 000 | 00865nam a22002297a 4500 | ||
|---|---|---|---|
| 999 |
_c192720 _d192720 |
||
| 005 | 20220930125406.0 | ||
| 010 | _aENG-135271 | ||
| 020 |
_c120.00 _a8177911503 |
||
| 035 | _aEN-118803 | ||
| 037 | _bDBAD/PUB | ||
| 082 | _a301.24 | ||
| 100 | _aSridhar, Kala Seetharam | ||
| 245 |
_aJobs, Commute and Public Services in Bengaluru: _bA Pilot Study from Nagarabhavi/ _cKala Seetharam Sridhar, S Manasi [and] K C Smitha |
||
| 260 |
_aBangalore _bInstitute For Social And Economic Change _c2017 |
||
| 270 |
_aDr VKRV Rao Road, Nagarabhavi P.O. _bBangalore _e560072 _k23215468 _madmn@isec.ac.in |
||
| 300 |
_ax,96p. _c24cm(pbk) _bReferences |
||
| 490 |
_aSocial And Economic Change Monographs _v51 |
||
| 500 | _aAssociate Editor of series is E Vishnuvardhan Reddy. | ||
| 700 | _aManasi,S | ||
| 700 | _aSmitha, K C | ||
| 942 |
_2ddc _cEN _h301.24 _mSRI |
||